Zmeny v nemocenskom poistení

Zmeny v nemocenskom poistení s účinnosťou od 1.8.2006. Zánik povinného nemocenského poistenia u osôb, ktorým bol priznaný dôchodok. Prerušenie povinného nemocenského poistenia zamestnanca v období čerpania rodičovskej dovolenky. Prerušenie povinného nemocenského poistenia zamestnanca a SZČO po uplyn...

Full description

Saved in:
Bibliographic Details
Main Author: Kupkovičová, Simona
Format: Book Chapter
Language:Slovak
Subjects:
Tags: Add Tag
No Tags, Be the first to tag this record!

MARC

LEADER 00000naa$a2200000$$$4500
001 0044827
005 20230925074526.4
041 0 |a slo 
044 |a SK 
245 1 0 |a Zmeny v nemocenskom poistení  |c Simona Kupkovičová 
520 |a Zmeny v nemocenskom poistení s účinnosťou od 1.8.2006. Zánik povinného nemocenského poistenia u osôb, ktorým bol priznaný dôchodok. Prerušenie povinného nemocenského poistenia zamestnanca v období čerpania rodičovskej dovolenky. Prerušenie povinného nemocenského poistenia zamestnanca a SZČO po uplynutí 52 týždňov dočasnej pracovnej neschopnosti. Zánik nároku na nemocenskú dávku priznaním dôchodku. Praktické príklady. 
610 2 0 |a poistenie sociálne 
610 2 0 |a poistenie nemocenské 
610 2 0 |a dávky poistné 
610 2 0 |a dôchodky invalidné 
610 2 0 |a dôchodky starobné 
610 2 0 |a práceneschopnosť 
100 1 |a Kupkovičová, Simona